Puesta a punto de herramientas de código abierto para el diseño y simulación de circuitos electrónicos

Guardat en:
Dades bibliogràfiques
Autor principal: Elizondo Cerdas, Marvin David
Format: Llibre
Publicat: [San José, Costa Rica] 2009
Matèries:
Etiquetes: Afegir etiqueta
Sense etiquetes, Sigues el primer a etiquetar aquest registre!

MARC

LEADER 00000nam a2200000Ia 4500
003 001473
005 20221231144044.0
008 140114s2009 cr a 000 ||s d
040 |c cru CEDI 
090 |a TFG 5992 
100 |a Elizondo Cerdas, Marvin David   |9 3516 
245 |a Puesta a punto de herramientas de código abierto para el diseño y simulación de circuitos electrónicos  
260 |c 2009  |b [San José, Costa Rica] 
300 |a xi, 97, [48] hojas; ilustraciones (algunas a color) 
500 |a Proyecto de graduación (bachillerato en ingeniería eléctrica)--Universidad de Costa Rica. Facultad de Ingeniería. Escuela de Ingeniería Eléctrica 
650 |x CIRCUITOS ELECTRONICOS   |x DISEÑO DE CIRCUITOS ELECTRONICOS  |9 661 
942 |c TFG 
999 |c 16236  |d 16236